| Tag |
First Indicator |
Second Indicator |
Subfields |
| LEADER |
00000cam a2200000 a 4500 |
| 001 |
in00000073519 |
| 005 |
20151008053515.0 |
| 008 |
811110c19811968nyub 00110 eng d |
| 010 |
|
|
|a 81040533
|
| 020 |
|
|
|a 0312105630
|
| 035 |
|
|
|a (OCoLC)07921033
|
| 035 |
|
|
|9 AAH7659AM
|
| 040 |
|
|
|a PBU
|c PBU
|d TXA
|d UtOrBLW
|
| 049 |
|
|
|a TXAM
|c [985223]
|
| 090 |
|
|
|a JN1037
|b .K55 1981
|
| 100 |
1 |
|
|a Kinnear, Michael.
|
| 245 |
1 |
4 |
|a The British voter :
|b an atlas and survey since 1885 /
|c Michael Kinnear ; cartography by the author.
|
| 264 |
|
1 |
|a New York, N.Y. :
|b St. Martin's,
|c 198l[1968]
|
| 264 |
|
4 |
|c ©1968
|
| 300 |
|
|
|a 172 pages :
|b maps ;
|c 31 cm.
|
| 336 |
|
|
|a text
|b txt
|2 rdacontent
|
| 337 |
|
|
|a unmediated
|b n
|2 rdamedia
|
| 338 |
|
|
|a volume
|b nc
|2 rdacarrier
|
| 500 |
|
|
|a Includes indexes.
|
| 504 |
|
|
|a Bibliography: pages 157-159.
|
| 610 |
1 |
0 |
|a Great Britain.
|b Parliament
|x Elections.
|
| 999 |
|
|
|a MARS
|
| 999 |
f |
f |
|s caf3811b-d46b-3248-ba4c-4449079333f6
|i 4c2f7598-80ad-337c-a397-84df5463259e
|t 0
|
| 952 |
f |
f |
|p ric
|a Texas A&M University
|b Rellis Campus
|c Joint Library Facility
|d Remote Storage
|t 0
|e JN1037 .K55 1981
|h Library of Congress classification
|i unmediated -- volume
|m A14806151644
|
| 998 |
f |
f |
|a JN1037 .K55 1981
|t 0
|l Remote Storage
|